[Event "23rd EUR-ch"]
[Site "Vrnjacka Banja SRB"]
[Date "2023.03.03"]
[Round "1.206"]
[White "Pastar, Slaven"]
[Black "Deveci, Huseyin Said"]
[Result "1-0"]
[WhiteElo "2401"]
[BlackElo "1913"]
[EventDate "2023.03.03"]
[PlyCount "67"]

1.Nf3 d5 2.g3 Nf6 3.Bg2 g6 4.b3 Bg7 5.Bb2 O-O 6.c4 c6 7.O-O Re8 8.Qc2 a5 
9.d3 Na6 10.a3 dxc4 11.bxc4 Nc5 12.Bd4 Ne6 13.Bc3 Nc5 14.a4 h6 15.Nbd2 Be6
16.Qb2 Na6 17.Nb3 Nb4 18.Nxa5 Qxa5 19.Bxb4 Qh5 20.Bc3 Bh3 21.Rfb1 Bxg2 22.
Kxg2 Rad8 23.Qxb7 e5 24.Qxc6 e4 25.dxe4 Nxe4 26.Bxg7 Kxg7 27.Rd1 Rc8 28.
Qd5 g5 29.h3 Kg8 30.Qf5 Rc5 31.Rd5 Rxc4 32.Re5 Rxe5 33.Nxe5 Nxg3 34.Qf3 
1-0

[Event "23rd EUR-ch"]
[Site "Vrnjacka Banja SRB"]
[Date "2023.03.03"]
[Round "1.207"]
[White "Poupalos, Nikolaos"]
[Black "Ibadov, Dashgyn"]
[Result "0-1"]
[WhiteElo "1906"]
[BlackElo "2398"]
[EventDate "2023.03.03"]
[PlyCount "60"]

1.e4 c5 2.Nf3 Nc6 3.d4 cxd4 4.Nxd4 Nf6 5.Nc3 e5 6.Ndb5 d6 7.Nd5 Nxd5 8.
exd5 Ne7 9.c4 Ng6 10.Qa4 Bd7 11.Qb4 Qb8 12.h4 h5 13.Be3 b6 14.Be2 Be7 15.
g3 a6 16.Nc3 b5 17.cxb5 axb5 18.Nxb5 O-O 19.a4 f5 20.Bg5 f4 21.O-O Bxg5 
22.hxg5 Bxb5 23.axb5 Rxa1 24.Rxa1 fxg3 25.fxg3 Qb6+ 26.Kh1 Qf2 27.Qe1 Qf5 
28.b6 h4 29.Ra3 Qe4+ 30.Kg1 h3 0-1

[Event "23rd EUR-ch"]
[Site "Vrnjacka Banja SRB"]
[Date "2023.03.03"]
[Round "1.208"]
[White "Peyrer, Konstantin"]
[Black "Senel, Hayri Beyhun"]
[Result "1-0"]
[WhiteElo "2395"]
[BlackElo "1904"]
[EventDate "2023.03.03"]
[PlyCount "89"]

1.Nf3 c5 2.g3 Nc6 3.Bg2 g6 4.O-O Bg7 5.c4 d6 6.Nc3 e5 7.d3 Nge7 8.a3 O-O 
9.Ne1 Be6 10.Nc2 Qd7 11.b4 Bh3 12.Bg5 Bxg2 13.Kxg2 h6 14.Bxe7 Nxe7 15.Ne3 
f5 16.Ned5 g5 17.Nxe7+ Qxe7 18.Nd5 Qd7 19.e4 g4 20.Ra2 f4 21.f3 fxg3 22.
hxg3 gxf3+ 23.Rxf3 Rxf3 24.Qxf3 Rf8 25.Qh5 Qf7 26.Qxf7+ Rxf7 27.b5 Bf6 28.
a4 Bd8 29.a5 Kg7 30.a6 b6 31.Ne3 Kg6 32.Nf5 Rf6 33.Ra1 Re6 34.Ne3 Re7 35.
Rf1 Re8 36.Nd5 h5 37.Kh3 Bg5 38.Rf2 Bd8 39.Ne3 Bg5 40.Nf5 Bd8 41.Nh4+ Bxh4
42.Kxh4 Re7 43.Rf8 Rd7 44.Rg8+ Kh7 45.Rb8 1-0

[Event "23rd EUR-ch"]
[Site "Vrnjacka Banja SRB"]
[Date "2023.03.03"]
[Round "1.209"]
[White "Hlebec, Darko"]
[Black "Popovic, Milan S."]
[Result "0-1"]
[WhiteElo "1900"]
[BlackElo "2393"]
[EventDate "2023.03.03"]
[PlyCount "86"]

1.d4 Nf6 2.Nf3 g6 3.c4 Bg7 4.Nc3 d6 5.e4 O-O 6.Be2 Nbd7 7.O-O e5 8.dxe5 
dxe5 9.Bg5 h6 10.Bxf6 Qxf6 11.Nd5 Qd8 12.Qc2 c6 13.Ne3 Qe7 14.Rad1 a5 15.
b3 Nc5 16.Bd3 f5 17.Rfe1 f4 18.Nf1 g5 19.h3 h5 20.N3h2 g4 21.hxg4 Bxg4 22.
g3 Ne6 23.Be2 Ng5 24.Bd3 fxg3 25.fxg3 Nh3+ 26.Kh1 Bh6 27.Re2 Qc5 28.Nd2 
Nf2+ 29.Kg2 Nxd1 30.Qxd1 Be6 31.Nhf1 Rad8 32.Bc2 Rd7 33.Qe1 Qb4 34.Nb1 
Qxe1 35.Rxe1 Rdf7 36.Bd3 Rf2+ 37.Kg1 Rxa2 38.Re2 Ra1 39.Kg2 a4 40.bxa4 Rf7
41.Bc2 Bxc4 42.Rf2 Rxf2+ 43.Kxf2 Ra2 0-1

[Event "23rd EUR-ch"]
[Site "Vrnjacka Banja SRB"]
[Date "2023.03.03"]
[Round "1.210"]
[White "Pacher, Milan"]
[Black "Djordjevic, Nevena"]
[Result "1-0"]
[WhiteElo "2392"]
[BlackElo "1889"]
[EventDate "2023.03.03"]
[PlyCount "51"]

1.e4 c5 2.Nf3 e6 3.d4 cxd4 4.Nxd4 Nc6 5.Nc3 Qc7 6.Be3 a6 7.Bd3 Nf6 8.O-O 
Be7 9.Nxc6 bxc6 10.f4 d5 11.e5 Nd7 12.Na4 Qa5 13.b3 Nc5 14.Bd2 Qc7 15.Nxc5
Bxc5+ 16.Kh1 g6 17.c4 O-O 18.Qc2 Qe7 19.Rf3 a5 20.Raf1 Ba6 21.Rg3 Kg7 22.
f5 exf5 23.Rxf5 Kh8 24.Bg5 Qe6 25.Bf6+ Kg8 26.Rh5 1-0

[Event "23rd EUR-ch"]
[Site "Vrnjacka Banja SRB"]
[Date "2023.03.03"]
[Round "1.211"]
[White "Labrovic, Jakov"]
[Black "Salimova, Nurgyul"]
[Result "0-1"]
[WhiteElo "1888"]
[BlackElo "2392"]
[EventDate "2023.03.03"]
[PlyCount "70"]

1.f4 d5 2.Nf3 Nc6 3.e3 Bg4 4.Bb5 a6 5.Bxc6+ bxc6 6.b3 h5 7.Bb2 e6 8.d3 Nh6
9.Nbd2 Nf5 10.Qe2 Bc5 11.d4 Be7 12.Qf2 f6 13.h3 Bxf3 14.Qxf3 h4 15.O-O-O 
Ng3 16.Rhe1 f5 17.Rg1 Rh6 18.Nf1 Rg6 19.c4 a5 20.Nxg3 Rxg3 21.Qh5+ Kd7 22.
e4 fxe4 23.f5 Bg5+ 24.Kb1 Qe8 25.fxe6+ Kxe6 26.Qh7 Qh8 27.Qxh8 Rxh8 28.Kc2
Rf8 29.Rde1 Rf2+ 30.Kb1 Rgxg2 31.Rxg2 Rxg2 32.Bc3 Bd2 33.Bxd2 Rxd2 34.Rg1 
e3 35.Re1 e2 0-1

[Event "23rd EUR-ch"]
[Site "Vrnjacka Banja SRB"]
[Date "2023.03.03"]
[Round "1.212"]
[White "Kanov, Nikola"]
[Black "Mitrovic, Vladan"]
[Result "1-0"]
[WhiteElo "2392"]
[BlackElo "1871"]
[EventDate "2023.03.03"]
[PlyCount "53"]

1.e4 Nf6 2.e5 Ng8 3.d4 d6 4.f4 dxe5 5.fxe5 Bf5 6.Nf3 e6 7.c4 Bxb1 8.Rxb1 
c5 9.d5 b5 10.b3 Nh6 11.Bd3 Na6 12.Be4 Qd7 13.Bxh6 gxh6 14.dxe6 Qxd1+ 15.
Rxd1 Rd8 16.exf7+ Ke7 17.Rxd8 Kxd8 18.cxb5 Nc7 19.a4 Ke7 20.O-O Ne6 21.Bd5
Bg7 22.Bxe6 Kxe6 23.Rd1 Ra8 24.Rd6+ Kxf7 25.Rd7+ Kg8 26.Rc7 Bf8 27.Kf1 1-0

[Event "23rd EUR-ch"]
[Site "Vrnjacka Banja SRB"]
[Date "2023.03.03"]
[Round "1.213"]
[White "Velkoski, Stojan"]
[Black "Zawadzka, Jolanta"]
[Result "0-1"]
[WhiteElo "1868"]
[BlackElo "2391"]
[EventDate "2023.03.03"]
[PlyCount "48"]

1.e4 c5 2.Nf3 e6 3.d4 cxd4 4.Nxd4 Nc6 5.Nc3 Qc7 6.Be3 a6 7.Qf3 h5 8.O-O-O 
Ne5 9.Qg3 h4 10.Qh3 b5 11.Bf4 Nf6 12.Kb1 Bb7 13.Nf3 d6 14.Nxe5 dxe5 15.Bg5
Nxe4 16.Nxe4 Bxe4 17.Bd3 Bd5 18.Rhe1 Rc8 19.Qg4 Bd6 20.Bxh4 Qa5 21.b3 Qb4 
22.Be4 Bxe4 23.Rxe4 Qc3 24.b4 Rxh4 0-1

[Event "23rd EUR-ch"]
[Site "Vrnjacka Banja SRB"]
[Date "2023.03.03"]
[Round "1.214"]
[White "Arsovic, Zoran"]
[Black "Dakic, Marta"]
[Result "1-0"]
[WhiteElo "2390"]
[BlackElo "1867"]
[EventDate "2023.03.03"]
[PlyCount "55"]

1.Nf3 Nf6 2.c4 e6 3.g3 d5 4.Bg2 d4 5.O-O c5 6.e3 Nc6 7.exd4 cxd4 8.d3 h6 
9.Bf4 Bd6 10.Bxd6 Qxd6 11.Nbd2 O-O 12.a3 a5 13.Rc1 e5 14.c5 Qe7 15.Re1 Re8
16.Nc4 Nd7 17.Nd6 Rd8 18.Qc2 a4 19.Nd2 Ra5 20.N2e4 Nxc5 21.Nxf7 Qxf7 22.
Nxc5 Rd6 23.Nxa4 Rf6 24.Nc5 Bg4 25.Nxb7 Qxb7 26.Bxc6 Qf7 27.Be4 Qh5 28.
Qb3+ 1-0

[Event "23rd EUR-ch"]
[Site "Vrnjacka Banja SRB"]
[Date "2023.03.03"]
[Round "1.215"]
[White "Dimitrijevic, Andjela"]
[Black "Antic, Dejan"]
[Result "0-1"]
[WhiteElo "1863"]
[BlackElo "2388"]
[EventDate "2023.03.03"]
[PlyCount "98"]

1.e4 e6 2.d3 d5 3.Qe2 Nf6 4.Nf3 Nc6 5.e5 Nd7 6.g3 f6 7.exf6 Qxf6 8.Bg2 Bd6
9.O-O O-O 10.c4 Nde5 11.Nbd2 Bd7 12.Rb1 Rae8 13.b3 Qf5 14.Nxe5 Nxe5 15.d4 
Nc6 16.Bb2 Kh8 17.Nf3 e5 18.dxe5 Nxe5 19.Nxe5 Bxe5 20.Qd2 dxc4 21.bxc4 b6 
22.Bxe5 Rxe5 23.Rbe1 Be6 24.Rxe5 Qxe5 25.Re1 Qf6 26.Bd5 Bh3 27.Qe3 h6 28.
Bg2 Bxg2 29.Kxg2 Qc6+ 30.Qe4 Rf6 31.Qxc6 Rxc6 32.Re4 Kg8 33.Kf3 Rc5 34.Rd4
Kf7 35.Ke3 Ke6 36.f4 Ra5 37.Rd2 Ra4 38.Rc2 Kf5 39.Kf3 Ra3+ 40.Ke2 c5 41.
Kf1 g5 42.fxg5 hxg5 43.Re2 g4 44.Rc2 Ke4 45.Rf2 Kd3 46.Ke1 Ra4 47.h4 gxh3 
48.Rh2 Kxc4 49.Rxh3 Rxa2 0-1

[Event "23rd EUR-ch"]
[Site "Vrnjacka Banja SRB"]
[Date "2023.03.03"]
[Round "1.216"]
[White "Malcewska, Aleksandra"]
[Black "Nikolovski, David"]
[Result "1-0"]
[WhiteElo "2388"]
[BlackElo "1860"]
[EventDate "2023.03.03"]
[PlyCount "129"]

1.e4 c5 2.Nf3 d6 3.d4 cxd4 4.Nxd4 Nf6 5.Nc3 a6 6.Qd3 e5 7.Nf5 Bxf5 8.exf5 
d5 9.Bg5 d4 10.O-O-O Be7 11.Bxf6 Bxf6 12.Ne4 Be7 13.g4 Nd7 14.h4 Rc8 15.g5
Nc5 16.Nxc5 Rxc5 17.Bg2 Bxg5+ 18.hxg5 Qxg5+ 19.f4 Qxg2 20.fxe5 Qg5+ 21.Kb1
Qe3 22.Qf1 Rxe5 23.Qg2 O-O 24.Rdg1 g6 25.Qh2 Rfe8 26.Qxh7+ Kf8 27.Qh4 Re4 
28.Qh8+ Ke7 29.Qg7 gxf5 30.a3 f4 31.Rd1 Qg3 32.Qh7 Qg6 33.Qh3 Kd8 34.Qc3 
Qc6 35.Qb3 Qc7 36.Rh7 Re1 37.Rxe1 Rxe1+ 38.Ka2 Re7 39.Qd5+ Qd7 40.Qa5+ Kc8
41.Qc5+ Kd8 42.Rh5 Qe6+ 43.b3 d3 44.Qa7 Rc7 45.Qd4+ Rd7 46.Qc5 Rc7 47.Rh8+
Kd7 48.Qd4+ Qd6 49.Rd8+ Kxd8 50.Qxd6+ Rd7 51.Qf8+ Kc7 52.cxd3 Rxd3 53.
Qxf7+ Rd7 54.Qxf4+ Rd6 55.Kb2 Kd7 56.Kc3 Rc6+ 57.Kd4 Kc8 58.Kd5 Kd7 59.Qb8
Rb6 60.b4 Rb5+ 61.Kc4 Rb6 62.a4 Rc6+ 63.Kd4 Rb6 64.b5 axb5 65.a5 1-0

[Event "23rd EUR-ch"]
[Site "Vrnjacka Banja SRB"]
[Date "2023.03.03"]
[Round "1.217"]
[White "Yonal, Timur"]
[Black "Vetokhin, Savva"]
[Result "0-1"]
[WhiteElo "1859"]
[BlackElo "2388"]
[EventDate "2023.03.03"]
[PlyCount "120"]

1.d4 Nf6 2.c4 e6 3.Nf3 d5 4.g3 dxc4 5.Qa4+ Nbd7 6.Bg2 a6 7.Qxc4 b5 8.Qc6 
Rb8 9.Bf4 Bb7 10.Qxc7 Qxc7 11.Bxc7 Rc8 12.Bf4 Bb4+ 13.Nbd2 Ne4 14.a3 Nxd2 
15.Bxd2 Bxd2+ 16.Kxd2 Nf6 17.Rhc1 Ke7 18.Ke1 Rhd8 19.e3 Bd5 20.Kf1 Ne4 21.
Kg1 f6 22.Ne1 Nd2 23.Bxd5 exd5 24.Rxc8 Rxc8 25.Rd1 Nb3 26.Rd3 Rc1 27.Kf1 
Na5 28.Ke2 Nc4 29.Rb3 Kd6 30.Nd3 Rb1 31.h4 g6 32.g4 h6 33.Nc5 Rxb2+ 34.
Rxb2 Nxb2 35.Nxa6 Nc4 36.f3 Nxa3 37.e4 Nc2 38.Kd3 Ne1+ 39.Ke2 Ng2 40.g5 
hxg5 41.hxg5 Nf4+ 42.Ke3 fxg5 43.Nb4 Ke6 44.Na6 Kd7 45.Nb4 Kd6 46.Na6 Kc6 
47.Nb4+ Kb6 48.e5 Ka5 49.Nd3 Ne6 50.Nc5 Nc7 51.Kd3 b4 52.Kc2 Nb5 53.Kd3 
Kb6 54.Ke3 Na7 55.Kd2 Nc6 56.Nb3 Kb5 57.Kd3 Ka4 58.Kc2 Ka3 59.e6 g4 60.
fxg4 g5 0-1

[Event "23rd EUR-ch"]
[Site "Vrnjacka Banja SRB"]
[Date "2023.03.03"]
[Round "1.218"]
[White "Zajic, Milan"]
[Black "Mitrovic, Stefan"]
[Result "1-0"]
[WhiteElo "2387"]
[BlackElo "1859"]
[EventDate "2023.03.03"]
[PlyCount "41"]

1.e4 e6 2.d4 d5 3.Nc3 Bb4 4.e5 c5 5.a3 Ba5 6.b4 cxd4 7.Qg4 Ne7 8.bxa5 dxc3
9.Qxg7 Rg8 10.Qxh7 Qxa5 11.Nf3 Nbc6 12.Ng5 Rf8 13.Be2 Nxe5 14.O-O Bd7 15.
Qg7 N5g6 16.Nh7 Nf5 17.Qf6 Rg8 18.Ng5 Nfe7 19.Nxf7 Rf8 20.Nd6+ Kd8 21.
Qxf8+ 1-0

[Event "23rd EUR-ch"]
[Site "Vrnjacka Banja SRB"]
[Date "2023.03.03"]
[Round "1.219"]
[White "Valitov, Ilshat"]
[Black "Makridis, Dimitrios"]
[Result "0-1"]
[WhiteElo "1854"]
[BlackElo "2387"]
[EventDate "2023.03.03"]
[PlyCount "58"]

1.Nf3 d5 2.g3 Nf6 3.Bg2 e6 4.O-O b5 5.d3 Be7 6.Nbd2 O-O 7.e4 Bb7 8.Qe2 c5 
9.e5 Nfd7 10.c3 c4 11.d4 b4 12.Ne1 Nc6 13.f4 Qa5 14.Rf3 Nb6 15.Nf1 Na4 16.
Bd2 Nxb2 17.Nc2 Qa4 18.Nfe3 f5 19.exf6 Bxf6 20.Rff1 Qa6 21.Bh3 Na4 22.
Bxe6+ Kh8 23.Nxd5 Nxc3 24.Bxc3 bxc3 25.Nxf6 Rxf6 26.Bxc4 Qb6 27.Rad1 Na5 
28.Rfe1 Qc6 29.d5 Qxc4 0-1

[Event "23rd EUR-ch"]
[Site "Vrnjacka Banja SRB"]
[Date "2023.03.03"]
[Round "1.221"]
[White "Bozic, Sasa"]
[Black "Patrelakis, Evaggelos"]
[Result "0-1"]
[WhiteElo "1839"]
[BlackElo "2387"]
[EventDate "2023.03.03"]
[PlyCount "81"]

1.e4 c5 2.Nf3 d6 3.d4 cxd4 4.Nxd4 Nf6 5.Nc3 e6 6.Be3 a6 7.Be2 Qc7 8.Qd2 b5
9.a3 Bb7 10.f3 Nbd7 11.Nb3 Be7 12.Rc1 O-O 13.O-O Rfd8 14.Rfd1 Rac8 15.Bf4 
Nb6 16.Qe1 Nc4 17.Bxc4 bxc4 18.Nd2 Nh5 19.Be3 d5 20.exd5 exd5 21.Bd4 Re8 
22.Qf2 Nf4 23.Re1 Ne6 24.Ne2 Nxd4 25.Nxd4 Qb6 26.c3 Qxb2 27.Rb1 Qxc3 28.
Nf5 Bc5 29.Rxe8+ Rxe8 30.Qxc5 Qxd2 31.h4 Re1+ 32.Rxe1 Qxe1+ 33.Kh2 Qe5+ 
34.Ng3 h5 35.Qb6 Qb8 36.Qd4 g6 37.f4 Qd6 38.a4 Bc8 39.Ne2 Qe7 40.Qe5 Qxh4+
41.Kg1 0-1

[Event "23rd EUR-ch"]
[Site "Vrnjacka Banja SRB"]
[Date "2023.03.03"]
[Round "1.222"]
[White "Injac, Teodora"]
[Black "Popovic, Igor"]
[Result "1-0"]
[WhiteElo "2383"]
[BlackElo "1831"]
[EventDate "2023.03.03"]
[PlyCount "79"]

1.d4 Nf6 2.Nf3 g6 3.c4 Bg7 4.g3 d6 5.Bg2 O-O 6.Nc3 c5 7.h3 a6 8.Be3 Qc7 9.
Rc1 Nbd7 10.O-O Rb8 11.a4 cxd4 12.Nxd4 Nc5 13.b4 Ne6 14.Nd5 Qd8 15.Nb3 b5 
16.Na5 Bd7 17.Ba7 Rc8 18.Bb6 Qe8 19.axb5 axb5 20.Nxf6+ Bxf6 21.c5 dxc5 22.
bxc5 Nd4 23.e3 Nc6 24.Nb3 Be6 25.Nd4 Nxd4 26.exd4 Qd7 27.c6 Qd6 28.d5 Bd7 
29.Bc5 Qc7 30.d6 exd6 31.Bxd6 Qb6 32.Bxf8 Bf5 33.Bc5 Qa5 34.Bd4 Be7 35.Qe1
Qc7 36.Qe5 Qxe5 37.Bxe5 b4 38.g4 Be6 39.Rfe1 b3 40.Bb2 1-0

[Event "23rd EUR-ch"]
[Site "Vrnjacka Banja SRB"]
[Date "2023.03.03"]
[Round "1.223"]
[White "Arandjelovic, Aleksandar Z."]
[Black "Bethke, Richard"]
[Result "0-1"]
[WhiteElo "1828"]
[BlackElo "2383"]
[EventDate "2023.03.03"]
[PlyCount "102"]

1.d4 Nf6 2.c4 e6 3.Nc3 Bb4 4.Bg5 h6 5.Bh4 d6 6.Qa4+ Nc6 7.d5 b5 8.cxb5 
Bxc3+ 9.bxc3 Ne5 10.dxe6 Bxe6 11.e4 O-O 12.Nf3 Nxf3+ 13.gxf3 g5 14.Rg1 Nh5
15.Qd4 f5 16.f4 Nxf4 17.Bg3 Ng6 18.exf5 Rxf5 19.O-O-O Qf6 20.Bd3 Nf4 21.
Qxf6 Rxf6 22.h4 g4 23.h5 Rb8 24.Bh4 Nxd3+ 25.Rxd3 Rf4 26.Re3 Bxa2 27.f3 
Rxb5 28.Re8+ Kh7 29.Re7+ Rf7 30.Rxf7+ Bxf7 31.fxg4 a5 32.Bf6 a4 33.Re1 Rb7
34.Re7 Kg8 35.Rd7 Be6 36.Re7 a3 37.g5 a2 38.c4 Rb1+ 39.Kd2 hxg5 40.Bc3 Rb3
41.Ba1 Rb1 42.Bd4 Bg4 43.Re8+ Kf7 44.Ra8 Rd1+ 45.Ke3 Rh1 46.Ra7 Ke6 47.h6 
c5 48.Bg7 Bf5 49.Kf3 Rh3+ 50.Kg2 g4 51.Bf8 Be4+ 0-1

[Event "23rd EUR-ch"]
[Site "Vrnjacka Banja SRB"]
[Date "2023.03.03"]
[Round "1.224"]
[White "Stremavicius, Pijus"]
[Black "Tadic, Ana"]
[Result "1-0"]
[WhiteElo "2383"]
[BlackElo "1817"]
[EventDate "2023.03.03"]
[PlyCount "43"]

1.b3 d5 2.Bb2 Nf6 3.Nf3 e6 4.c4 Nbd7 5.g3 Be7 6.Bg2 O-O 7.Nc3 c5 8.cxd5 
exd5 9.d4 Nb6 10.dxc5 Bxc5 11.O-O Bf5 12.Rc1 Rc8 13.Nb5 Nbd7 14.Qd2 a6 15.
Qf4 Bd3 16.Nbd4 Bxd4 17.Nxd4 Be4 18.Rxc8 Qxc8 19.Bxe4 dxe4 20.Nf5 Qd8 21.
Qg5 g6 22.Rd1 1-0

[Event "23rd EUR-ch"]
[Site "Vrnjacka Banja SRB"]
[Date "2023.03.03"]
[Round "1.225"]
[White "Sakovich, Luka"]
[Black "Barseghian, Armen Ar."]
[Result "0-1"]
[WhiteElo "1799"]
[BlackElo "2382"]
[EventDate "2023.03.03"]
[PlyCount "38"]

1.e4 e5 2.Nf3 Nc6 3.Bc4 Nf6 4.d4 exd4 5.Ng5 d5 6.exd5 Na5 7.Qxd4 Nxc4 8.
Qxc4 Qxd5 9.Qe2+ Be7 10.O-O h6 11.Rd1 Qc6 12.Rd8+ Kxd8 13.Nxf7+ Ke8 14.
Nxh8 Bf5 15.Nc3 Kf8 16.Qe5 Bh7 17.Be3 Bd6 18.Qd4 Kg8 19.Kh1 Kxh8 0-1

[Event "23rd EUR-ch"]
[Site "Vrnjacka Banja SRB"]
[Date "2023.03.03"]
[Round "1.226"]
[White "Megalios, Konstantinos"]
[Black "Mladenovic, Milan"]
[Result "1/2-1/2"]
[WhiteElo "2382"]
[BlackElo "1787"]
[EventDate "2023.03.03"]
[PlyCount "82"]

1.d4 c6 2.e4 g6 3.Nc3 d5 4.Nf3 Bg7 5.exd5 cxd5 6.Bf4 a6 7.Be2 Nf6 8.Ne5 h5
9.Qd2 Bf5 10.f3 Nc6 11.Na4 Nd7 12.Nxc6 bxc6 13.O-O h4 14.Rfe1 f6 15.Bd3 
Kf7 16.Bxf5 gxf5 17.c4 e5 18.dxe5 Nxe5 19.Qc2 Rh5 20.cxd5 cxd5 21.Rac1 Kg6
22.h3 Bh6 23.Bxh6 Kxh6 24.f4 Ng6 25.Re6 d4 26.Qf2 d3 27.Rd1 Rc8 28.Qe3 Rc2
29.Rxd3 Rxg2+ 30.Kxg2 Qxd3 31.Qxd3 Nxf4+ 32.Kf3 Nxd3 33.Rxf6+ Kg7 34.Rxa6 
Rg5 35.Rd6 Rg3+ 36.Ke2 Nf4+ 37.Kf1 Nxh3 38.Rd4 f4 39.Nc3 f3 40.Ne2 fxe2+ 
41.Kxe2 Rg2+ 1/2-1/2

[Event "23rd EUR-ch"]
[Site "Vrnjacka Banja SRB"]
[Date "2023.03.03"]
[Round "1.227"]
[White "Kovac, Mihael"]
[Black "Garrido Outon, Alex"]
[Result "0-1"]
[WhiteElo "1784"]
[BlackElo "2380"]
[EventDate "2023.03.03"]
[PlyCount "86"]

1.e4 c5 2.Nf3 d6 3.d4 cxd4 4.Nxd4 Nf6 5.Nc3 a6 6.Be2 e5 7.Nb3 Be7 8.Be3 
Be6 9.Qd3 Nc6 10.a3 Na5 11.Nxa5 Qxa5 12.O-O Rc8 13.Rfc1 Bc4 14.Qd1 O-O 15.
f3 h6 16.Bxc4 Rxc4 17.Nd5 Nxd5 18.exd5 Bg5 19.Bxg5 hxg5 20.Qe2 Qxd5 21.c3 
Qe6 22.b3 Rf4 23.c4 d5 24.c5 g4 25.Rc3 d4 26.Rd3 gxf3 27.Rxf3 Rxf3 28.gxf3
Qd5 29.b4 f5 30.Qa2 Qxa2 31.Rxa2 Kf7 32.Rd2 Rd8 33.h4 Ke6 34.Kf1 e4 35.
fxe4 fxe4 36.Rg2 d3 37.Ke1 e3 38.h5 d2+ 39.Kd1 Rd3 40.Rg6+ Ke5 41.Rg1 Rc3 
42.Ke2 Rc1 43.Rg5+ Kf4 0-1

[Event "23rd EUR-ch"]
[Site "Vrnjacka Banja SRB"]
[Date "2023.03.03"]
[Round "1.228"]
[White "Arsovic, Goran"]
[Black "Gogic, Anastasija"]
[Result "1-0"]
[WhiteElo "2379"]
[BlackElo "1772"]
[EventDate "2023.03.03"]
[PlyCount "85"]

1.d4 Nf6 2.Nf3 e6 3.c4 b6 4.a3 d5 5.cxd5 exd5 6.Nc3 Bb7 7.g3 Be7 8.Bg2 O-O
9.O-O Nc6 10.b4 Ne4 11.Qb3 Nxc3 12.Qxc3 Bf6 13.Bf4 Qd7 14.Rfd1 Rac8 15.Qd3
Rfe8 16.Rac1 a6 17.h4 Re7 18.Rc2 Qe8 19.Rdc1 Ra8 20.e3 g6 21.Rc3 a5 22.b5 
Na7 23.Rb3 Qd7 24.Rxc7 Qe8 25.a4 Bc8 26.Rbc3 Bf5 27.Qd1 Be4 28.Bh3 Rxc7 
29.Rxc7 Bd8 30.Rc3 Be7 31.Nd2 Bb4 32.Nxe4 dxe4 33.Rc7 Nc8 34.Qb3 Nd6 35.
Bxd6 Bxd6 36.Rxf7 Kh8 37.Bd7 Qg8 38.Qe6 Bf8 39.Bc6 Ra7 40.Bd5 Rxf7 41.Qxf7
Qxf7 42.Bxf7 Kg7 43.Bd5 1-0

[Event "23rd EUR-ch"]
[Site "Vrnjacka Banja SRB"]
[Date "2023.03.03"]
[Round "1.229"]
[White "Goriachkina, Oksana"]
[Black "Leisch, Lukas"]
[Result "1/2-1/2"]
[WhiteElo "1759"]
[BlackElo "2378"]
[EventDate "2023.03.03"]
[PlyCount "111"]

1.d4 d6 2.Nf3 g6 3.c4 Bg7 4.Nc3 Nf6 5.e4 O-O 6.Be3 Ng4 7.Bf4 e5 8.Bg3 Nc6 
9.d5 Nd4 10.h3 Nh6 11.Bd3 f5 12.Nxd4 exd4 13.Ne2 c5 14.dxc6 bxc6 15.Qa4 
Qe8 16.exf5 Bxf5 17.Qc2 Qd7 18.O-O Rae8 19.b4 Bxd3 20.Qxd3 Qf5 21.Nc1 Re6 
22.Rb1 Rfe8 23.b5 c5 24.a4 Re1 25.Qxf5 Nxf5 26.Bf4 d5 27.cxd5 c4 28.a5 
R1e4 29.g3 d3 30.b6 axb6 31.axb6 Be5 32.Bxe5 R4xe5 33.Na2 Rxd5 34.Nc3 Rd6 
35.Rb4 Rc6 36.b7 Rb8 37.Ra1 Re6 38.Ra8 Ree8 39.Rxb8 Rxb8 40.Rxc4 Rxb7 41.
Rc8+ Kf7 42.Rd8 Rb3 43.Rxd3 h5 44.Rf3 Kg7 45.Kg2 Nd4 46.Rd3 Kh6 47.Rxd4 
Rxc3 48.Rd5 Kg7 49.g4 hxg4 50.hxg4 Kf6 51.f3 Rc2+ 52.Kg3 g5 53.Rf5+ Kg6 
54.Ra5 Kf6 55.Ra6+ Kg7 56.Rb6 1/2-1/2

[Event "23rd EUR-ch"]
[Site "Vrnjacka Banja SRB"]
[Date "2023.03.03"]
[Round "1.230"]
[White "Pasti, Aron"]
[Black "Kanana, Ziad"]
[Result "1-0"]
[WhiteElo "2378"]
[BlackElo "1757"]
[EventDate "2023.03.03"]
[PlyCount "97"]

1.e4 c6 2.d4 d5 3.Nc3 dxe4 4.Nxe4 Nf6 5.Nxf6+ exf6 6.c3 Bd6 7.Bd3 O-O 8.
Ne2 Re8 9.O-O Nd7 10.Ng3 g6 11.Bh6 Nf8 12.Qd2 Ne6 13.Rfe1 Bd7 14.Bc2 Bf8 
15.Bxf8 Nxf8 16.c4 Rxe1+ 17.Rxe1 Be6 18.b3 b5 19.Qc3 f5 20.Bd1 Qd6 21.Bf3 
bxc4 22.bxc4 Rb8 23.a3 Nd7 24.Ne2 Rc8 25.g3 g5 26.Qc1 h6 27.h4 Qe7 28.hxg5
hxg5 29.Qe3 Nb6 30.c5 Nd7 31.Nc1 Qf6 32.Nd3 a5 33.Rb1 Rc7 34.Bg2 Kg7 35.f4
g4 36.Ne5 Nxe5 37.fxe5 Qd8 38.Kf2 Kg6 39.Rh1 Qg5 40.Rb1 Qd8 41.Qf4 Bd5 42.
Rh1 Qf8 43.Bxd5 cxd5 44.Rb1 Re7 45.Kg2 Re6 46.Rf1 Kg7 47.Qxf5 Rg6 48.Qd7 
Re6 49.Qxe6 1-0

[Event "23rd EUR-ch"]
[Site "Vrnjacka Banja SRB"]
[Date "2023.03.03"]
[Round "1.231"]
[White "Orlovic, Isa"]
[Black "Bournel, Antoine"]
[Result "0-1"]
[WhiteElo "1752"]
[BlackElo "2377"]
[EventDate "2023.03.03"]
[PlyCount "41"]

1.d4 d5 2.c4 e6 3.Nf3 Nf6 4.Bg5 Bb4+ 5.Nc3 dxc4 6.e4 b5 7.e5 h6 8.Bh4 g5 
9.Nxg5 hxg5 10.Bxg5 Nbd7 11.Qf3 Rb8 12.a3 Bb7 13.Bxf6 Nxf6 14.Qxf6 Qxf6 
15.exf6 Ba5 16.O-O-O a6 17.Re1 Rd8 18.Rd1 Bb6 19.Ne2 Rh6 20.h4 Rxf6 21.f3 
0-1

[Event "23rd EUR-ch"]
[Site "Vrnjacka Banja SRB"]
[Date "2023.03.03"]
[Round "1.232"]
[White "Uskov, Artem"]
[Black "Pirvulescu, Adrian"]
[Result "1-0"]
[WhiteElo "2373"]
[BlackElo "1738"]
[EventDate "2023.03.03"]
[PlyCount "67"]

1.e4 c5 2.Nf3 e6 3.d4 cxd4 4.Nxd4 Nc6 5.Nc3 Qc7 6.g4 a6 7.Be3 b5 8.Nxc6 
Qxc6 9.Qd2 b4 10.Ne2 Qxe4 11.Rg1 Qc4 12.Ng3 Qc7 13.O-O-O Ne7 14.Bg2 Bb7 
15.Bf4 Qc8 16.Bxb7 Qxb7 17.Bd6 Nd5 18.Ne4 Qc6 19.Bxf8 Rxf8 20.f4 O-O-O 21.
f5 Kb8 22.Kb1 a5 23.Rg3 Ka8 24.Rd3 Rc8 25.Ng5 Nc3+ 26.bxc3 bxc3 27.Qc1 
Rb8+ 28.Ka1 Rb2 29.Rxc3 Rxa2+ 30.Kxa2 Qxc3 31.Qb2 Qc4+ 32.Qb3 Qxg4 33.Rb1 
Qb4 34.Qf3+ 1-0

[Event "23rd EUR-ch"]
[Site "Vrnjacka Banja SRB"]
[Date "2023.03.03"]
[Round "1.233"]
[White "Shadyev, Damir"]
[Black "Nemec, Jachym"]
[Result "1/2-1/2"]
[WhiteElo "1712"]
[BlackElo "2371"]
[EventDate "2023.03.03"]
[PlyCount "79"]

1.e4 c6 2.Nc3 d5 3.Nf3 dxe4 4.Nxe4 Nf6 5.Nxf6+ exf6 6.d4 Bd6 7.Bd3 O-O 8.
O-O Re8 9.h3 Nd7 10.b3 Nf8 11.c4 Bc7 12.Qc2 Be6 13.Bf5 Qd6 14.g3 Qd7 15.
Bxe6 Rxe6 16.Kg2 Rae8 17.Be3 Re4 18.Rae1 Ng6 19.Bd2 f5 20.Qd3 h6 21.Re3 
Rxe3 22.Bxe3 f4 23.Bd2 fxg3 24.fxg3 Qd6 25.Be1 h5 26.Qf5 Re2+ 27.Kg1 Qe6 
28.Qxh5 Qe3+ 29.Kh1 Qe4 30.Kg1 Rxa2 31.Bf2 Qc2 32.Qg4 Ne7 33.Qd7 Bxg3 34.
Qe8+ Kh7 35.Ng5+ Kg6 36.Qxf7+ Kh6 37.Qe6+ Ng6 38.Nf7+ Kh7 39.Ng5+ Kh6 40.
Nf7+ 1/2-1/2

[Event "23rd EUR-ch"]
[Site "Vrnjacka Banja SRB"]
[Date "2023.03.03"]
[Round "1.234"]
[White "Suarez Uriel, Adrian"]
[Black "Kamenov, Valentin"]
[Result "1-0"]
[WhiteElo "2370"]
[BlackElo "1704"]
[EventDate "2023.03.03"]
[PlyCount "77"]

1.e4 d6 2.d4 Nf6 3.Nc3 g6 4.Nf3 Bg7 5.Be3 O-O 6.Qd2 Nc6 7.d5 Ne5 8.Nxe5 
dxe5 9.Bc4 Bd7 10.f3 c6 11.O-O Qc8 12.Rfd1 cxd5 13.Bxd5 e6 14.Bb3 Bc6 15.
a4 a6 16.a5 Rd8 17.Qf2 Rxd1+ 18.Rxd1 Qe8 19.Qd2 Bf8 20.Na2 Rc8 21.Nc1 Bb5 
22.Nd3 Bxd3 23.Qxd3 Bc5 24.Bxc5 Rxc5 25.Qd6 Qc6 26.Qd2 Rb5 27.Kh1 Kg7 28.
g4 h6 29.h4 Qc5 30.Kg2 Rb4 31.Qd6 Qxd6 32.Rxd6 Rb5 33.g5 hxg5 34.hxg5 Nh7 
35.Rb6 Rxa5 36.Rxb7 Nxg5 37.c4 Kh6 38.Bc2 f5 39.exf5 1-0

[Event "23rd EUR-ch"]
[Site "Vrnjacka Banja SRB"]
[Date "2023.03.03"]
[Round "1.235"]
[White "Tabakovski, Dino"]
[Black "Secheres, Adrian-Simion"]
[Result "0-1"]
[WhiteElo "1692"]
[BlackElo "2369"]
[EventDate "2023.03.03"]
[PlyCount "82"]

1.d4 Nf6 2.c4 g6 3.Nc3 Bg7 4.e4 d6 5.h3 O-O 6.Nf3 e5 7.d5 Nh5 8.g3 f5 9.
Be2 Nf6 10.Bd3 Na6 11.Nd2 Nc5 12.Bc2 a5 13.Rg1 c6 14.g4 cxd5 15.cxd5 fxg4 
16.hxg4 b5 17.Nb3 b4 18.Nxc5 dxc5 19.Na4 c4 20.Be3 Rb8 21.Nc5 Rf7 22.Qe2 
Bf8 23.Rd1 Bxc5 24.Bxc5 Qc7 25.Be3 Bd7 26.f3 a4 27.Qh2 Ne8 28.d6 Qa5 29.
Rd5 Rb5 30.Qxe5 b3+ 31.Ke2 Rxd5 32.exd5 bxc2 33.Bd4 Ng7 34.Rh1 Qa6 35.Bc3 
Qc8 36.Qh2 h5 37.gxh5 Nxh5 38.Rg1 Qe8+ 39.Kf2 Kh7 40.Qg2 Qe4 41.Rh1 Qf4 
0-1

[Event "23rd EUR-ch"]
[Site "Vrnjacka Banja SRB"]
[Date "2023.03.03"]
[Round "1.236"]
[White "Schekachikhin, Maksim"]
[Black "Lakusic, Zoran"]
[Result "1-0"]
[WhiteElo "2367"]
[BlackElo "1641"]
[EventDate "2023.03.03"]
[PlyCount "61"]

1.c4 Nf6 2.Nc3 d5 3.cxd5 Nxd5 4.Nf3 c6 5.d4 Bg4 6.e4 Nxc3 7.bxc3 Nd7 8.h3 
Bxf3 9.Qxf3 e6 10.Rb1 b6 11.Bd3 Rc8 12.O-O Be7 13.Qg3 g6 14.Bh6 Bh4 15.Qf3
Rb8 16.Bf4 O-O 17.Bxb8 Nxb8 18.Bc4 b5 19.Bb3 a5 20.Rfd1 a4 21.Bc2 Qe7 22.
c4 f5 23.exf5 bxc4 24.Qc3 Nd7 25.Qxc4 gxf5 26.Qxc6 Kh8 27.Rb7 Nb8 28.Rxe7 
Nxc6 29.Rxe6 Nb4 30.Bxa4 Nd5 31.Re8 1-0